000 00594pam a2200193 i 4500
001 000001498
005 20200929145611.0
008 770912s1978 nyu b 000 0 eng
020 _a0385130775
040 _aDO-SdBNP
_bspa
_dBNPHU
050 0 0 _aHT690.U6
_bR67
082 _a320
_bR823l
100 1 _aRoss, Mitchell S.
_94950
245 1 4 _aThe literary politicians /
_cMitchell S. Ross.
260 _aNew York :
_bDoubleday & Company,
_c1978.
300 _a372 p. ;
_c22 cm.
504 _aIncluye referencias bibliográficas.
650 0 _aIntellectuals
_zUnited States
_xPolitical activity.
_94951
999 _c1404
_d1404